Naturaleza y vida en el territorio de los Eperara Siapidara Costa Pacífica Caucana (Registro nro. 5948)

Detalles MARC
000 -CABECERA
Campo de control 00553nam a2200181 a 4500
005 - FECHA Y HORA DE LA ULTIMA TRANSACCION
Campo de control 20160128183146.0
008 - ELEMENTOS DE LONGITUD FIJA—INFORMACION GENERAL
Campo de control 160128b xxua gr|||| 00| 0 spa d
040 ## - FUENTE DE CATALOGACIÓN
Agencia catalogadora original CO-BoIAVH
Agencia transcriptora CO-BoIAVH
041 ## - IDIOMA
Código de idioma para texto/pista de sonido o título separado Español
090 ## - CLASIFICACIÓN LOCAL
Colección EA
Consecutivo 375
245 ## - MENCION DE TITULO
Título Naturaleza y vida en el territorio de los Eperara Siapidara Costa Pacífica Caucana
260 ## - PUBLICACION, DISTRIBUCION, ETC. (PIE DE IMPRENTA)
Lugar de publicación, distribución, etc. Popayán
Nombre del editor, distribuidor, etc. CRIC
-- CRC
Fecha de publicación, distribución, etc. 2005
300 ## - DESCRIPCION FISICA
Extensión 34 paginas.
Otros detalles físicos ilustraciones.;
Dimensiones 21 x 15 cm.
650 #4 - ASIENTO SECUNDARIO DE MATERIA - TERMINO TEMATICO
Término temático o nombre geográfico como elemento de entrada Conservacion
Subdivisión de forma Naturaleza
9 (RLIN) 55332
650 #4 - ASIENTO SECUNDARIO DE MATERIA - TERMINO TEMATICO
Término temático o nombre geográfico como elemento de entrada Indegenas
9 (RLIN) 50681
942 ## - ELEMENTOS ADICIONALES (KOHA)
Tipo de ítem Libro
Sistema de clasificación Dewey Decimal Classification
945 ## - PROCESAMIENTO LOCAL
AAAA-MM-DD - Fecha de ingreso o modificacion 2007-11-22
Existencias
Withdrawn status Lost status Sistema de Clasificación Damaged status No para préstamo Colección Inventariado Ubicación Permanente Ubicación actual Fecha de adquisición Total Checkouts Número topográfico Inventario / Código de Barras Date last seen Ejemplar Price effective from Forma de adquisición Tipo de material
    Dewey Decimal Classification     Educación Ambiental Inventariado 2017 Sala Fabio Quevedo Sala Fabio Quevedo 22/11/2007   EA-375 025498 04/12/2012 Ej.1 04/12/2012   Libro